F1 Most Consecutive Wins Same Race - Statistics

General Stats
  • This quiz has been taken 11 times
  • The average score is 11 of 13
Answer Stats
Wins Race Country Driver % Correct
4 Emilia Romagna Grand Prix Netherlands Max Verstappen
100%
4 Abu Dhabi Grand Prix Netherlands Max Verstappen
100%
4 Japanese Grand Prix Netherlands Max Verstappen
100%
5 Monaco Grand Prix Brazil Ayrton Senna
89%
4 Belgian Grand Prix Brazil Ayrton Senna
89%
4 Argentine Grand Prix Argentina Juan Manuel Fangio
89%
5 Spanish Grand Prix United Kingdom Lewis Hamilton
89%
4 British Grand Prix United Kingdom Lewis Hamilton
89%
4 United States Grand Prix United Kingdom Lewis Hamilton
89%
4 Spanish Grand Prix Germany Michael Schumacher
89%
4 United States Grand Prix Germany Michael Schumacher
89%
4 Belgian Grand Prix United Kingdom Jim Clark
67%
4 British Grand Prix United Kingdom Jim Clark
67%
No matching quizzes found
Score Distribution
Percent of People with Each Score
Percentile by Number Answered
Your Score History
You have not taken this quiz